000 00624cam a2200169 4500
001 7863
005 20181127184526.0
008 110509s2010 xna b 000 0 eng d
010 _a 2011381660
100 _aBrecht, Bertolt.
_b
_c
_d
_e
_q
245 1 4 _aThe Good Person of Szechwan LIT 211 :
_ba parable play Coursepack fall 2018 /
_cBrecht, Bertolt ; translated by John Willett.
260 _a[Thimphu] :
_bRoyal Thimphu College,
_c2018.
300 _a106 p. ; 29 cm.
_b
_c
_e
500 _aThe Good Person of Szechwan: Coursepack fall 2018
500 _aXerographic copy in a binder.
650 0 _aGerman drama -- 20th century.
_x
_v
999 _c6750
_d6750